Ceylon Buddhism : (Record no. 841069)

MARC details
000 -LEADER
fixed length control field 02043nam a2200337 a 4500
001 - CONTROL NUMBER
control field vtls001372778
003 - CONTROL NUMBER IDENTIFIER
control field NLI
005 - DATE AND TIME OF LATEST TRANSACTION
control field 20210627110609.0
008 - FIXED-LENGTH DATA ELEMENTS--GENERAL INFORMATION
fixed length control field 120628s1908 ce 000 0 eng
039 #9 - LEVEL OF BIBLIOGRAPHIC CONTROL AND CODING DETAIL [OBSOLETE]
-- 201206281827
-- VLOAD
040 ## - CATALOGING SOURCE
Original cataloging agency NLI
Language of cataloging eng
Transcribing agency Datasoft_IMP
Description conventions AACR2
041 0# - LANGUAGE CODE
Language code of text/sound track or separate title eng
044 ## - COUNTRY OF PUBLISHING/PRODUCING ENTITY CODE
MARC country code ce
084 ## - OTHER CLASSIFICATION NUMBER
Classification number 178
100 1# - MAIN ENTRY--PERSONAL NAME
Personal name Gogerly, Daniel John,
Dates associated with a name 1792-1862
9 (RLIN) 957949
245 10 - TITLE STATEMENT
Title Ceylon Buddhism :
Remainder of title being the collected writings of Daniel John Gogerly /
Statement of responsibility, etc. edited by Arthur Stanley Bishop
260 ## - PUBLICATION, DISTRIBUTION, ETC.
Place of publication, distribution, etc. Colombo :
Name of publisher, distributor, etc. Wesleyan Methodist,
Date of publication, distribution, etc. 1908
300 ## - PHYSICAL DESCRIPTION
Extent 2 v. :
Other physical details fronts ;
Dimensions 25 cm.
500 ## - GENERAL NOTE
General note Paged continuously
505 0# - FORMATTED CONTENTS NOTE
Formatted contents note Vol.1 Editor's preface. An introductory sketc.h of Buddhism. An outline of Buddhism. The Books of discipline. The laws of the priesthood. The Patimokkha. - v. 2 Forewords. Biographical note. On transmigration. Dhammapada. The power of truth. The virtue of alms-giving. Pirit. Brahmajaia sutta. The discourse respecting Ratthapais. Culla kamma vibbanga sutta. Patta kamman. A discourse to some inhabitants of Veranja. Maha dhamma Samadana sutta. Sigalo vada. Selections from the Jatakas. Maha satipotihanana sutta. Appendix
650 #0 - SUBJECT ADDED ENTRY--TOPICAL TERM
Topical term or geographic name entry element Buddha and Buddhism
9 (RLIN) 698625
650 #0 - SUBJECT ADDED ENTRY--TOPICAL TERM
Topical term or geographic name entry element Buddha and Buddhism
Geographic subdivision Sri Lanka
9 (RLIN) 956377
700 1# - ADDED ENTRY--PERSONAL NAME
Personal name Bishop, Arthur Stanley,
Dates associated with a name b.1879,
Relationship edt
9 (RLIN) 957950
740 02 - ADDED ENTRY--UNCONTROLLED RELATED/ANALYTICAL TITLE
Uncontrolled related/analytical title Editor's preface. An introductory sketch of Buddhism. An outline of Buddhism. The Books of discipline. The laws of the priesthood. The Patimokkha.
740 02 - ADDED ENTRY--UNCONTROLLED RELATED/ANALYTICAL TITLE
Uncontrolled related/analytical title Forewords. Biographical note. On transmigration. Dhammapada. The power of truth. The virtue of alms-giving. Pirit. Brahmajaia sutta. The discourse respecting Ratthapais. Culla kamma vibbanga sutta. Patta kamman. A discourse to some inhabitants of Veranja. Maha dhamma Samadana sutta. Sigalo vada. Selections from the Jatakas. Maha satipotihanana sutta. Appendix
887 ## - NON-MARC INFORMATION FIELD
Content of non-MARC field
901 ## - LOCAL DATA ELEMENT A, LDA (RLIN)
a IMP137136 :
b 17.10.2011
9 v.1
901 ## - LOCAL DATA ELEMENT A, LDA (RLIN)
a IMP137137 :
b 17.10.2011
9 v.2
902 ## - LOCAL DATA ELEMENT B, LDB (RLIN)
a 178 D 1621
942 ## - ADDED ENTRY ELEMENTS (KOHA)
Source of classification or shelving scheme Dewey Decimal Classification
Koha item type Books
Holdings
Withdrawn status Lost status Damaged status Not for loan Home library Current library Date acquired Total Checkouts Full call number Date last seen Price effective from Koha item type
        National Library of India National Library of India     178 D 1621 27/06/2021 27/06/2021 Books
                                                                           
web counter

Copyright ©2020 The National Library of India, Govt. of India ↔ Hosted by NVLI, MOC ↔ Technology and Design by National Library of India, Ministry of Culture, Govt. of India